[Event "Linares 08th"]
[Site "Linares"]
[Date "1990.??.??"]
[Round "4"]
[White "Salov, Valery"]
[Black "Portisch, Lajos"]
[Result "1-0"]
[WhiteElo "2645"]
[BlackElo "2605"]
[PlyCount "117"]
[EventDate "1990.02.??"]
[EventType "tourn"]
[EventRounds "11"]
[EventCountry "ESP"]
[EventCategory "16"]
[SourceTitle "CBM 017"]
[Source "ChessBase"]
[SourceDate "1990.08.01"]
[SourceVersion "1"]
[SourceVersionDate "1990.08.01"]
[SourceQuality "1"]

1. d4 {Rogozenco,Dorian} d5 2. c4 e6 3. Nc3 Be7 4. cxd5 exd5 5. Bf4 c6 6. Qc2 Bg4 ({RR} 6... Bd6 7. Bxd6 Qxd6 8. e3 Qg6 9. Qxg6 hxg6 10. b4 a6 11. f3 Nd7 12. Bd3 Ne7 13. Nge2 g5 14. Kf2 Nf6 15. g4 Kd8 16. Kg3 Bd7 17. a4 Nc8 18. h3 Re8 19. Kf2 Nd6 20. a5 Re7 21. Rac1) 7. e3 ({RR} 7. f3 Bh5 8. Rd1 Bg6 9. e4 Nf6 10. Be3 O-O 11. Bd3 dxe4 12. fxe4 Ng4 13. Qd2 Bh4+ 14. g3 Nxe3 15. Qxe3 Bg5 16. Qf2 Na6 17. Nf3 Nc7 18. Nxg5 Qxg5 19. O-O Rad8 20. Bc4 b5 21. Bd3 a6 {Zambon,L (2062)-Omariev,M (2304) chess.com INT 2026 0-1 (35)}) ({RR} 7. f3 Bh5 8. O-O-O Nd7 9. e4 Bg6 10. Bd3 Ngf6 11. Nge2 Nf8 12. h3 Ne6 13. Be3 dxe4 14. fxe4 Qc7 15. Kb1 O-O 16. g4 c5 17. e5 Bxd3 18. Rxd3 Nd7 19. d5 Nd4 20. Bxd4 cxd4 21. d6 Bxd6 {Agrest,E (2567)-Portisch,L (2523) Malmo 2008 1-0 (36)}) 7... Bh5 8. Nf3 ({RR} 8. Bd3 Bg6 9. Bxg6 hxg6 10. O-O-O Nf6 11. f3 Nbd7 12. Nge2 ({RR} 12. e4 Nh5 13. Be3 Ng3) 12... b5 13. e4 b4 14. Na4 dxe4 15. fxe4 Qa5 16. Kb1 ({RR} 16. e5 Nd5 17. e6 fxe6 18. Qxc6 Kf7 19. Qxd7 Rhd8 20. Qc6 Rac8) 16... O-O 17. h4 Rfe8 18. e5 Nd5 19. h5 g5 20. h6 g6 21. Bc1 ({RR} 21. e6 gxf4 22. exd7 Red8 23. Qxc6 Ne3 24. Nc5 Nxd1 25. Rxd1) 21... N7b6 ({RR} 21... N5b6) 22. Nc5 Bxc5 {Carlsen,M (2815)-Nakamura,H (2774) Medias 2011 CBM 143 [Rogozenco,Dorian] 1-0 (38)}) 8... Nd7 9. h3 $146 ({RR} 9. Bd3 Bg6 10. O-O Bxd3 11. Qxd3 Ngf6 12. h3 O-O 13. Rab1 a5 14. Rfc1 Re8 15. a3 a4 16. Re1 Ne4 17. Nxe4 dxe4 18. Qxe4 Bb4 19. Qf5 Bxe1 20. Rxe1 Ra5 21. Qc2 h6 22. e4 Qb6 23. Bd2 Raa8 {Horvath,M (2009)-Schnegg,A (2072) Pinkafeld 2015 0-1 (31)}) 9... Bg6 10. Qd2 Ngf6 11. Be2 O-O 12. O-O a5 13. Rfc1 Ne4 14. Nxe4 Bxe4 15. Ne1 Bb4 16. Qd1 a4 17. Nd3 a3 18. b3 Bxd3 19. Bxd3 Re8 20. Rc2 g6 21. Qf3 Re6 22. Rd1 Qf8 23. Qg3 Nf6 24. Be5 Nh5 25. Qf3 Qe7 26. Qg4 Nf6 27. Qh4 Re8 28. Re2 Bd6 29. f4 Bxe5 30. dxe5 Nd7 31. Qxe7 R6xe7 32. Kf2 f6 33. exf6 Nxf6 34. Kf3 Kg7 35. b4 Ra8 36. Rb1 b5 37. Rc1 Re6 38. g4 Ne4 39. Rec2 Ra4 40. Rb1 Kf6 41. Bxe4 dxe4+ 42. Ke2 Rd6 43. Rd2 Ke6 44. Rd4 Rxd4 45. exd4 Kd5 46. Ke3 Ra8 47. Rf1 Kc4 48. f5 gxf5 49. gxf5 Kxb4 50. f6 Kc3 51. f7 Kb2 52. Rf2+ Kb1 53. Kxe4 Rf8 54. Kd3 Kc1 55. Rf6 Kb2 56. Rf1 Kxa2 57. Kc3 b4+ 58. Kxb4 Rb8+ 59. Kc5 1-0

[Event "Tilburg"]
[Site "Tilburg"]
[Date "1993.??.??"]
[Round "2"]
[White "Speelman, Jonathan S"]
[Black "Vaganian, Rafael A"]
[Result "0-1"]
[WhiteElo "2605"]
[BlackElo "2615"]
[PlyCount "70"]
[EventDate "1993.11.??"]
[EventType "k.o."]
[EventRounds "7"]
[EventCountry "NED"]
[SourceTitle "CBM 039"]
[Source "ChessBase"]
[SourceDate "1994.04.01"]
[SourceVersion "1"]
[SourceVersionDate "1994.04.01"]
[SourceQuality "1"]

1. d4 d5 2. c4 e6 3. Nc3 Be7 4. cxd5 exd5 5. Bf4 c6 6. e3 Bf5 7. Nge2 Nd7 8. h3 h5 9. Nc1 Nb6 10. Bd3 Bxd3 11. Nxd3 Bd6 12. O-O $146 ({RR} 12. Qf3 Bxf4 13. Qxf4 Nf6 14. O-O-O Qe7 15. g4 Nc4 16. g5 Ne4 17. Nxe4 Qxe4 18. Qxe4+ dxe4 19. Nf4 g6 20. b3 Nd6 21. Kd2 Kd7 22. Rc1 b6 {½-½ (22) Bischoff,K (2559)-Borriss,M (2439) Germany 2004}) 12... Bxf4 13. exf4 Nf6 14. Re1+ Kf8 15. a4 Nc4 16. Ne5 Nd6 17. b4 g6 18. b5 cxb5 19. axb5 Kg7 20. Ra4 Qb6 21. Qb3 Nf5 22. Nf3 Rhd8 23. Re5 Rac8 24. g3 a6 25. Kg2 axb5 26. Rb4 Qc6 27. Nxb5 Ne4 28. Ng5 Nxg5 29. fxg5 Qc1 30. h4 Rc2 31. Qd3 Ra8 32. Rxf5 gxf5 33. Qxf5 Ra1 34. Qe5+ Kh7 35. g6+ Kxg6 0-1

[Event "Dubai op 09th"]
[Site "Dubai"]
[Date "2007.04.30"]
[Round "9"]
[White "Pantsulaia, Levan"]
[Black "Sadvakasov, Darmen"]
[Result "1/2-1/2"]
[WhiteElo "2616"]
[BlackElo "2618"]
[PlyCount "60"]
[EventDate "2007.04.22"]
[EventType "swiss"]
[EventRounds "9"]
[EventCountry "UAE"]
[SourceTitle "CBM 118 Extra"]
[Source "ChessBase"]
[SourceDate "2007.07.04"]
[SourceVersion "1"]
[SourceVersionDate "2007.07.04"]
[SourceQuality "1"]

1. Nf3 d5 2. c4 e6 3. d4 c6 4. cxd5 exd5 5. Nc3 Bf5 6. Bf4 Bd6 7. Bxd6 Qxd6 8. e3 Nd7 9. Bd3 Ne7 ({RR} 9... Bxd3 10. Qxd3 Ngf6 11. O-O {½-½ (11) Pantsulaia,L (2607)-Zhigalko,S (2583) Martuni 2008}) 10. O-O O-O 11. a3 $146 ({RR} 11. Bxf5 Nxf5 12. Qc2 Ne7 13. Rac1 {½-½ (13) Porrasmaa,T (2162)-Eloranta,K (2028) Finland 2009}) ({RR} 11. Re1 Nb6 12. h3 Rae8 13. a4 a5 14. Bxf5 Nxf5 15. Qd3 Ne7 16. Rab1 Qb4 17. b3 Ng6 18. Qd2 Nc8 19. Na2 Qb6 20. b4 axb4 21. Nxb4 Qa7 22. Nd3 Nd6 23. Qb4 Rd8 24. Nc5 b5 25. axb5 cxb5 {Mamedyarov,S (2738)-Fier,A (2599) chess.com INT 2023 1-0 (50)}) ({RR} 11. Rb1 a5 12. a3 f6 13. Bxf5 Nxf5 14. Qd3 Qe6 15. b4 b5 16. Rfc1 Nb6 17. e4 dxe4 18. Nxe4 axb4 19. axb4 Nc4 20. Nfd2 Rfe8 21. Nc5 Qd5 22. Nxc4 bxc4 23. Qxc4 Nxd4 24. Qxd5+ cxd5 25. Kf1 Nb5 {Kuchava,A (2094)-Perez Coyula,R (2153) chess.com INT 2025 0-1 (54)}) ({RR} 11. Qc2 Bxd3 12. Qxd3 Nb6 13. Rab1 a5 14. e4 dxe4 15. Nxe4 Qc7 16. Nfg5 Ng6 17. f4 h6 18. f5 Nf4 19. Rxf4 Qxf4 20. Rf1 hxg5 21. Rxf4 gxf4 22. f6 Nd5 23. fxg7 Kxg7 {½-½ (23) Arun,S (2231)-Rosenthal,J (2338) Natick 2014}) 11... a5 12. Rc1 h6 13. Na4 Bg4 14. Nc5 Nxc5 15. Rxc5 f5 16. Re1 Kh8 17. Be2 Bxf3 18. Bxf3 a4 19. g3 g5 20. Rc2 Rf6 21. Bg2 Raf8 22. Rce2 b5 23. f3 Qd7 24. Qd3 Rd8 25. e4 f4 26. e5 Rff8 27. g4 Qe6 28. Rc2 Kg7 29. Rec1 Rb8 30. Qd2 h5 1/2-1/2

[Event "FIDE World Cup"]
[Site "Khanty-Mansiysk"]
[Date "2007.11.24"]
[Round "1.1"]
[White "Leitao, Rafael Duailibe"]
[Black "Shulman, Yuri"]
[Result "1/2-1/2"]
[WhiteElo "2601"]
[BlackElo "2616"]
[PlyCount "149"]
[EventDate "2007.11.24"]
[EventType "k.o."]
[EventRounds "7"]
[EventCountry "RUS"]
[SourceTitle "CBM 122"]
[Source "ChessBase"]
[SourceDate "2008.01.30"]
[SourceVersion "1"]
[SourceVersionDate "2008.01.30"]
[SourceQuality "1"]

1. d4 d5 2. c4 e6 3. Nc3 c6 4. e4 dxe4 5. Nxe4 Bb4+ 6. Bd2 Qxd4 7. Bxb4 Qxe4+ 8. Be2 Na6 9. Bd6 Qxg2 10. Qd2 Nf6 11. Bf3 Qg6 12. O-O-O e5 13. Bxe5 O-O ({RR} 13... Be6 14. Ne2 Qf5 15. Bf4 Qc5 16. b3 Nd5 17. Be5 O-O-O 18. Bd4 Qa3+ 19. Qb2 Qxb2+ 20. Kxb2 Nf6 21. Bxa7 Bg4 22. Bxg4+ Nxg4 23. Bb6 Rxd1 24. Rxd1 g6 25. Nc3 f5 26. h3 Ne5 27. Na4 Re8 28. Kc3 {Reckless 0.10.0-dev-9057bc13 (3749)-Stoofvlees II d9 (3541) tcec-chess.com INT 2026 ½-½ (36)}) 14. Ne2 Qf5 15. Bd6 $146 ({RR} 15. Qe3 Nb4 16. Nd4 Nxa2+ 17. Kd2 Rd8 18. Ke2 Qxe5 19. Qxe5 Re8 20. Qxe8+ Nxe8 21. Nxc6 bxc6 22. Rd8 {1-0 (22) Braun,A (2536)-Van der Werf,M (2389) Wijk aan Zee 2008}) ({RR} 15. Qe3 Qe6 16. Rhg1 g6 17. Qf4 Nd7 18. Bc3 Re8 19. Rxd7 Bxd7 20. Qh6 f6 21. Nf4 {1-0 (21) Neverov,V (2542)-Airapetian,G (2429) Lipetsk 2010}) 15... Rd8 16. Qc3 Ne8 17. Rhg1 Be6 18. b3 Qf6 19. Be5 Rxd1+ 20. Rxd1 Qg5+ 21. Kb2 Nc5 22. Bd4 Qe7 23. Rg1 g6 24. Qe3 Nd7 25. Nf4 Ng7 26. Bg4 Re8 27. Re1 Qh4 28. Bxg7 Kxg7 29. Bxe6 Qf6+ 30. Ka3 fxe6 31. Rd1 Qe7+ 32. Kb2 e5 33. Ne2 Nc5 34. Nc3 Rf8 35. f3 Rf4 36. Rd2 a5 37. Re2 Qd6 38. Kc2 Ne6 39. Qxe5+ Qxe5 40. Rxe5 Nd4+ 41. Kd3 Nxf3 42. Rxa5 Nxh2 43. Ra7 Rf3+ 44. Kd2 Nf1+ 45. Ke2 Rf7 46. Ne4 h5 47. Nd6 Ng3+ 48. Ke1 Rf1+ 49. Kd2 Kf6 50. Rxb7 Kg5 51. Rh7 Rf2+ 52. Ke3 Rxa2 53. Kf3 Nf1 54. b4 Ra3+ 55. Ke4 Ng3+ 56. Kd4 Nf5+ 57. Nxf5 Kxf5 58. Kc5 Rc3 59. Rf7+ Kg5 60. Rc7 h4 61. Rxc6 h3 62. Rc8 Kf4 63. b5 g5 64. b6 Rb3 65. Kc6 g4 66. Rh8 Kg3 67. b7 Kh2 68. Kc7 g3 69. b8=Q Rxb8 70. Kxb8 g2 71. Rg8 g1=Q 72. Rxg1 Kxg1 73. c5 h2 74. c6 h1=Q 75. c7 1/2-1/2

[Event "RUS-ch Superfinal 60th"]
[Site "Moscow"]
[Date "2007.12.26"]
[Round "7"]
[White "Sakaev, Konstantin"]
[Black "Timofeev, Artyom"]
[Result "0-1"]
[WhiteElo "2634"]
[BlackElo "2637"]
[PlyCount "78"]
[EventDate "2007.12.18"]
[EventType "tourn"]
[EventRounds "11"]
[EventCountry "RUS"]
[EventCategory "17"]
[SourceTitle "CBM 122"]
[Source "ChessBase"]
[SourceDate "2008.01.30"]
[SourceVersion "1"]
[SourceVersionDate "2008.01.30"]
[SourceQuality "1"]

1. d4 d5 2. c4 e6 3. Nc3 c6 4. e4 dxe4 5. Nxe4 Bb4+ 6. Bd2 Qxd4 7. Bxb4 Qxe4+ 8. Be2 Na6 9. Bd6 Qxg2 10. Qd2 Nf6 11. Bf3 Qg6 12. O-O-O e5 13. Bxe5 Be6 14. Ne2 Qf5 15. Qe3 Nb4 16. Nd4 Nxa2+ 17. Kd2 O-O-O 18. Ke1 Rxd4 19. Rxd4 Nb4 20. Bd1 Re8 21. Rg1 $146 ({RR} 21. f4 Ng4 22. Bxg4 Qxg4 23. Rd2 Bxc4 24. Rg1 Qf5 25. Qxa7 Rxe5+ 26. fxe5 Qxe5+ 27. Kf2 Qf4+ 28. Ke1 Qe4+ 29. Kf2 Qf4+ {½-½ (29) O Connor,D (2213)-Ivanov,A (2105) San Francisco 2017}) ({RR} 21. f4 Ng4 22. Bxg4 Qxg4 23. Rd2 Bxc4 24. Qxa7 Rxe5+ 25. fxe5 Qe4+ 26. Kf2 Qf4+ 27. Ke1 Qxe5+ 28. Kf2 Qf4+ 29. Ke1 Qh4+ 30. Kd1 Qg4+ 31. Ke1 Qe4+ 32. Kf2 Qf4+ 33. Ke1 Nd3+ 34. Rxd3 Bxd3 35. Qc5 Qe4+ {Tudor,H (2430)-Stanojoski,Z (2345) Pozarevac SRB 2025 0-1 (47)}) 21... Bxc4 22. f4 Nbd5 23. Rxd5 Nxd5 24. Qxa7 Rxe5+ 25. fxe5 Qxe5+ 26. Kf2 Qxh2+ 27. Rg2 Qh4+ 28. Rg3 Qf6+ 29. Bf3 Qxb2+ 30. Kg1 g6 31. Qa8+ Kd7 32. Rg4 Qb3 33. Bg2 Qb6+ 34. Kh2 Ne3 35. Re4 Be6 36. Bh3 Qb2+ 37. Kg3 Qb3 38. Bxe6+ fxe6 39. Qf8 Nf5+ 0-1

[Event "Maalot Tarshiha"]
[Site "Maalot Tarshiha"]
[Date "2008.01.09"]
[Round "3"]
[White "Moiseenko, Alexander"]
[Black "Postny, Evgeny"]
[Result "1/2-1/2"]
[WhiteElo "2643"]
[BlackElo "2627"]
[PlyCount "73"]
[EventDate "2008.01.07"]
[EventType "tourn"]
[EventRounds "9"]
[EventCountry "ISR"]
[EventCategory "15"]
[SourceTitle "CBM 122"]
[Source "ChessBase"]
[SourceDate "2008.01.30"]
[SourceVersion "1"]
[SourceVersionDate "2008.01.30"]
[SourceQuality "1"]

1. d4 d5 2. c4 c6 3. Nf3 Nf6 4. Nc3 dxc4 5. a4 e6 6. e4 Bb4 7. e5 Nd5 8. Bd2 b5 9. axb5 Bxc3 10. bxc3 cxb5 11. Ng5 Qe7 ({RR} 11... Nc6 12. Qh5 Qe7 13. Be2 b4 14. O-O bxc3 15. Be3 Bb7 16. Bg4 Ncb4 17. Nxe6 g6 18. Ng7+ Kf8 19. Qh6 Kg8 20. Bg5 Qf8 21. Bf6 Nxf6 22. exf6 Nd5 23. Bf3 Nxf6 24. Bxb7 Rd8 25. Ra6 Qxg7 26. Qg5 {Anand,V (2780)-Karjakin,S (2778) Sao Paulo/Bilbao 2012 ½-½ (45)}) ({RR} 11... Nd7 12. h4 Qe7 13. Qh5 Bb7 14. Rh3 h6 15. Ne4 Nf4 16. Qg4 Bxe4 17. Bxf4 f5 18. exf6 Nxf6 19. Qd1 O-O 20. Be5 Rf7 21. Re3 Raf8 22. f4 Bf5 23. Bxf6 Qxf6 24. g3 g5 25. hxg5 hxg5 26. Kd2 {Stocek,J (2531)-Postny,E (2662) Gjakova 2016 1-0 (47)}) 12. Qh5 Nd7 13. Be2 Bb7 14. Bg4 $146 ({RR} 14. O-O h6 15. Ne4 Nf4 16. Bxf4 Bxe4 17. Bf3 Bxf3 18. Qxf3 O-O 19. Qc6 Nb6 20. Qxb5 Nd5 21. Bd2 Qc7 22. Ra4 Rfc8 23. Qa6 Qb6 24. g3 Qb3 25. Rc1 Rc7 26. Ra3 Qb2 27. Ra2 Qb3 28. Rca1 Rb8 {Ikonnikov,V (2587)-Wirthensohn,H (2397) Germany 2006 ½-½ (52)}) ({RR} 14. Bf3 a5 15. O-O Bc6 16. h4 N7b6 17. Ne4 O-O 18. Rae1 b4 19. Bg5 f6 20. exf6 gxf6 21. Bh6 Rfe8 22. Nc5 e5 23. dxe5 fxe5 24. Qg4+ Kh8 25. Ne6 Rg8 26. Qf5 Nd7 27. Ng5 Raf8 28. Bxf8 Rxf8 {Harshavardhan,G (2428)-Iskusnyh,S (2443) chess.com INT 2023 1-0 (35)}) ({RR} 14. O-O h6 15. Bf3 g6 16. Qh3 Kf8 17. Ne4 Kg7 18. Nd6 Bc6 19. Bxd5 Bxd5 20. Nxb5 Nb6 21. Ra5 Nc8 22. Rfa1 Qb7 23. f3 a6 24. Qh4 g5 25. Qg3 Qb8 26. Nd6 Nxd6 27. exd6 Rd8 28. Rxa6 Rxa6 {Leniart,A (2484)-Balogh,C (2635) Achaia 2016 ½-½ (44)}) 14... Nc7 15. O-O h6 16. Bf3 Bxf3 17. Nxf3 O-O 18. Ra5 Rfb8 19. Qg4 Kh8 20. Rfa1 Nd5 21. Qh5 Kg8 22. Qg4 f5 23. exf6 N7xf6 24. Qg6 Qe8 25. Qc2 Rb7 26. h3 Nd7 27. Re1 Qf7 28. Qa2 Nc7 29. Re4 Qf5 30. Rf4 Qd3 31. Rg4 Kh8 32. Rg3 Qf5 33. Nh4 Qe4 34. Rg4 Qd3 35. Rg3 Qe4 36. Rg4 Qd3 37. Rg3 1/2-1/2

[Event "Corus-B"]
[Site "Wijk aan Zee"]
[Date "2008.01.22"]
[Round "9"]
[White "Cheparinov, Ivan"]
[Black "Krasenkow, Michal"]
[Result "1-0"]
[WhiteElo "2713"]
[BlackElo "2636"]
[PlyCount "83"]
[EventDate "2008.01.12"]
[EventType "tourn"]
[EventRounds "13"]
[EventCountry "NED"]
[EventCategory "15"]
[SourceTitle "CBM 122"]
[Source "ChessBase"]
[SourceDate "2008.01.30"]
[SourceVersion "1"]
[SourceVersionDate "2008.01.30"]
[SourceQuality "1"]

1. d4 {Dautov,Rustem} d5 2. c4 e6 3. Nc3 c6 4. e4 dxe4 5. Nxe4 Bb4+ 6. Bd2 Qxd4 7. Bxb4 Qxe4+ 8. Be2 Na6 9. Bd6 b6 ({RR} 9... e5 10. Nf3 Bg4 11. O-O O-O-O 12. Bd3 ({RR} 12. b4 Nf6 13. Re1 Bxf3 14. Bxf3 Qxc4 15. Rxe5 Nxb4 16. Re7 Nbd5 17. Rc1) 12... Qf4 13. Bxe5 Qxe5 14. Nxe5 Bxd1 15. Bf5+ ({RR} 15. Raxd1 Nh6 16. Bc2 g6 17. Nf3 Rhe8) 15... Kc7 16. Nxf7 Bh5 ({RR} 16... Ne7 17. Bxh7 Bg4 18. Nxh8 Rxh8 19. Rfe1 Nc8 20. Bc2 Nb4 21. Be4) ({RR} 16... Nh6 17. Nxh6 ({RR} 17. Nxd8 Rxd8 18. Bxh7 Be2 19. Rfc1 Rd2) ({RR} 17. Nxh8 Nxf5 18. Nf7 Rd7 19. Ne5 Be2 20. Nxd7 Bxf1) 17... Bh5 ({RR} 17... Be2 18. Rfe1 Rd2 19. Bg4 Re8) 18. Bg4 Bxg4 19. Nxg4 Rd2 20. Rab1 Re8 21. Rfd1 ({RR} 21. Ne3 Nb4 22. Rfd1 Rxd1+ 23. Rxd1 Nxa2) 21... Rxd1+ 22. Rxd1 Re2 23. Rb1 Nb4) 17. Nxd8 ({RR} 17. Nxh8 Nh6 18. Bxh7 Rxh8 19. Be4 Be2 20. Rfc1 Rd8) 17... Kxd8 18. g4 Nh6 ({RR} 18... Bg6 19. Rad1+ Kc7 20. Rd7+ Kb6 21. Bxg6 hxg6 22. Rxg7) 19. Rad1+ Kc7 20. Rd7+ Kb6 21. Rxg7 Nxf5 22. gxf5 Rf8 23. Re1 Nc5 ({RR} 23... Rxf5 24. Ree7 Bg6 25. Rxb7+ Kc5 26. Rxa7 Nb4 27. b3 Kd4 ({RR} 27... Rg5+ 28. Kf1 Bd3+ 29. Ke1 Rxg7 30. Rxg7 Nxa2 31. Kd2 Bg6 32. h4)) 24. b4 {Aronian,L (2752)-Vallejo Pons,F (2650) Morelia/Linares 2006 CBM 112 [Dautov,Rustem] 1-0 (36)}) 10. Nf3 Bb7 11. O-O Rd8 12. Qd2 $146 ({RR} 12. Ng5 Qf5 13. f4 Ne7 14. Re1 Qf6 15. Bh5 O-O 16. Bxf7+ Rxf7 17. Rxe6 Nf5 18. Rxf6 Rxf6 19. Qh5 Rdxd6 20. Qxh7+ Kf8 21. Re1 Ne7 22. Qe4 Rd7 23. Nh7+ Ke8 24. Nxf6+ gxf6 25. Qg6+ Kd8 26. Qxf6 {1-0 (26) Dobrov,V (2510)-Kolesnikov,E (2381) Sochi 2006}) ({RR} 12. Ng5 Qf5 13. f4 Nf6 14. g4 Qg6 15. h4 Qh6 16. h5 Nxh5 17. Nxf7 Kxf7 18. g5 Qg6 19. Bxh5 Qxh5 20. Qxh5+ g6 21. Qh2 Rxd6 22. f5 Rd4 23. fxg6+ {1-0 (23) Lyutsinger,I (2182)-Vul,A (2101) Odintsovo RUS 2026}) ({RR} 12. Bd3 Qg4 13. h3 Qh5 14. Bc2 Ne7 15. Qd4 Nb4 16. Rad1 Nxc2 17. Qxg7 Rg8 18. Qf6 Rxd6 19. Rxd6 c5 20. Rfd1 Nd4 21. R1xd4 cxd4 22. Qxd4 Nc6 {0-1 (22) Gurevich,M (2643)-Krasenkow,M (2635) Vlissingen 2006}) ({RR} 12. Ng5 Qf5 13. f4 Nh6 14. Bf3 Rd7 15. Rf2 Qf6 16. Rd2 Nf5 17. Bh5 Rxd6 18. Rxd6 Nxd6 19. Qxd6 g6 20. Bf3 h6 21. Ne4 Qe7 22. Qe5 f6 23. Nxf6+ Kf7 24. Ne4 Rd8 25. Rd1 Rxd1+ 26. Bxd1 Nc5 {Zacurdajev,M (2400)-Vitiugov,N (2550) St Petersburg 2006 1-0 (118)}) 12... c5 13. Rad1 Nb4 14. a3 Nc6 15. Bd3 Qg4 16. h3 Qh5 17. Qf4 f6 18. Rfe1 Qf7 19. Bf5 Bc8 20. Be4 Bd7 21. Bc7 Rc8 22. Ng5 fxg5 23. Qxf7+ Kxf7 24. Rxd7+ Nce7 25. Bd6 a5 26. Bf3 h5 27. Rb7 Rh6 28. Rxb6 Nf5 29. Rb7+ Nge7 30. Rd1 Kf6 31. Bc7 Nd4 32. Bxa5 g4 33. hxg4 hxg4 34. Bxg4 Rch8 35. Bh3 g5 36. f3 Ng6 37. Rc7 Nf4 38. Rxc5 Nxh3+ 39. gxh3 Nxf3+ 40. Kg2 Rxh3 41. Bc3+ e5 42. Rf1 1-0